Statistics for O'Hare International Airport Destinations (Chicago, IL, USA)

Click here to take the quiz!

General Stats

  • This quiz has been taken 85 times
    (24 since last reset)
  • The average score is 152 of 251

Answer Stats

AirlineDestination% Correct
American Airlines/British Airways/United AirlinesLondon (Heathrow)
95%
Air France/American Airlines/United AirlinesParis (Charles de Gaulle)
95%
Etihad AirwaysAbu Dhabi
89%
Alaska Airlines/American Airlines/United AirlinesAnchorage
89%
American Airlines/American Eagle/Southwest Airlines/United Airlines/United ExpressAustin
89%
American Airlines/Frontier Airlines/Spirit Airlines/United Airlines/United ExpressDallas/Fort Worth
89%
Southwest AirlinesDallas (Love)
89%
American Airlines/Frontier Airlines/Southwest Airlines/United AirlinesDenver
89%
American Airlines/American Eagle/Delta Air Lines/United Airlines/United ExpressDetroit
89%
Lufthansa/United AirlinesFrankfurt
89%
American Airlines/Frontier Airlines/Spirit Airlines/United AirlinesHouston (Intercontinental)
89%
American Airlines/Frontier Airlines/Southwest Airlines/Spirit Airlines/United AirlinesLas Vegas
89%
IberiaMadrid
89%
Aeromexico/United Airlines/VivaAerobus/VolarisMexico City
89%
American Airlines/Spirit Airlines/United AirlinesMiami
89%
American Airlines/American Eagle/Delta Air Lines/Sun Country Airlines/United Airlines/United ExpressMinneapolis/St. Paul
89%
American Airlines/Frontier Airlines/Southwest Airlines/Spirit Airlines/United AirlinesPhoenix (Sky Harbor)
89%
American Airlines/ITA Airways/United AirlinesRome (Fiumicino)
89%
Alaska Airlines/American Airlines/United AirlinesSan Francisco
89%
Alaska Airlines/American Airlines/Delta Air Lines/United AirlinesSeattle/Tacoma
89%
Air Canada/Air Canada Express/American Eagle/United Airlines/United ExpressToronto (Pearson)
89%
Air Canada/American Airlines/United AirlinesVancouver
89%
American Airlines/American Eagle/Delta Air Lines/Frontier Airlines/Spirit Airlines/United Airlines/United ExpressAtlanta
84%
American Airlines/United AirlinesBarcelona
84%
American Airlines/Delta Air Lines/Delta Connection/JetBlue/United Airlines/United ExpressBoston
84%
American Airlines/American Eagle/United Airlines/United ExpressBuffalo
84%
American Airlines/Frontier Airlines/Southwest Airlines/Spirit Airlines/United AirlinesCancun
84%
American Airlines/Frontier Airlines/Spirit Airlines/United Airlines/United ExpressCharlotte
84%
Air IndiaDelhi
84%
EmiratesDubai (International)
84%
Aer Lingus/American Airlines/United AirlinesDublin
84%
United AirlinesHonolulu
84%
Turkish AirlinesIstanbul
84%
American Airlines/Spirit Airlines/United AirlinesLos Angeles
84%
American EagleManchester (NH)
84%
United AirlinesMilan (Malpensa)
84%
Air Canada/Air Canada Express/American Eagle/United Airlines/United ExpressMontreal (Trudeau)
84%
American Airlines/Delta Air Lines/Delta Connection/JetBlueNew York (JFK)
84%
American Airlines/Delta Air Lines/Spirit Airlines/United Airlines/United ExpressNew York (LaGuardia)
84%
American Airlines/Frontier Airlines/United Airlines/United ExpressPhiladelphia
84%
American Eagle/Frontier Airlines/United Airlines/United ExpressPortland (ME)
84%
Alaska Airlines/American Airlines/Spirit Airlines/United AirlinesPortland (OR)
84%
American Airlines/American Eagle/Frontier Airlines/United Airlines/United ExpressRaleigh/Durham
84%
American EagleRochester (MN)
84%
American Airlines/American Eagle/United Airlines/United ExpressRochester (NY)
84%
American Airlines/American Eagle/United Airlines/United ExpressSan Antonio
84%
American Airlines/Spirit Airlines/United AirlinesSan Diego
84%
United AirlinesSan Jose (CA)
84%
Avianca Costa Rica/United AirlinesSan Jose (CR)
84%
American Airlines/United AirlinesSan Jose del Cabo
84%
American Airlines/Southwest Airlines/Spirit Airlines/United AirlinesTampa
84%
All Nippon Airways/Japan Airlines/United AirlinesTokyo (Haneda)
84%
All Nippon AirwaysTokyo (Narita)
84%
LOT Polish AirlinesWarsaw (Chopin)
84%
United Airlines/United ExpressWashington (Dulles)
84%
American Airlines/United Airlines/United Airlines/United ExpressWashington (National)
84%
Ethiopian AirlinesAddis Ababa
79%
KLM/United AirlinesAmsterdam
79%
American Eagle/United ExpressBirmingham (AL)
79%
United AirlinesBrussels
79%
American Airlines/United Airlines/United Express/WestJetCalgary
79%
American Eagle/United Airlines/United ExpressCharleston (SC)
79%
United ExpressCharleston (WV)
79%
American Airlines/American Eagle/United Airlines/United ExpressCleveland
79%
Scandinavian AirlinesCopenhagen
79%
American Airlines/American Eagle/United Airlines/United ExpressIndianapolis
79%
American Airlines/American Eagle/United Airlines/United ExpressKansas City
79%
TAP Air PortugalLisbon
79%
Lurthansa/United AirlinesMunich
79%
American Airlines/American Eagle/Frontier Airlines/Southwest Airlines/United Airlines/United ExpressNashville
79%
American Airlines/Spirit Airlines/United Airlines/United ExpressNew Orleans
79%
American Eagle/United ExpressOklahoma City
79%
American Eagle/United Airlines/United Express/United ExpressOmaha
79%
American Airlines/Frontier Airlines/Southwest Airlines/Spirit Airlines/United AirlinesOrlando
79%
American Eagle/United Airlines/United ExpressPanama City (FL)
79%
Copa AirlinesPanama City (Tocumen)
79%
American Airlines/United AirlinesSacramento
79%
American Airlines/American Eagle/Delta Air Lines/United Airlines/United ExpressSalt Lake City
79%
Korean AirSeoul (Incheon)
79%
American Airlines/United Airlines/United ExpressTucson
79%
Swiss International Air Lines/United AirlinesZurich
79%
American Airlines/American Eagle/United Airlines/United ExpressAlbuquerque
74%
American Eagle/United Airlines/United ExpressBoise
74%
American Eagle/United Airlines/United ExpressCincinnati
74%
American Eagle/United Airlines/United ExpressColumbus (Glenn)
74%
American Airlines/Southwest Airlines/Spirit Airlines/United AirlinesFort Lauderdale
74%
American Airlines/Avianca Costa Rica/United AirlinesGuatemala City
74%
Cathay PacificHong Kong
74%
United ExpressJackson (MS)
74%
American Airlines/American Eagle/United Airlines/United ExpressKey West
74%
American Eagle/United Airlines/United ExpressLouisville
74%
American Eagle/United Airlines/United ExpressMemphis
74%
American Airlines/American Eagle/United AirlinesNewark
74%
American Airlines/American Eagle/United Airlines/United ExpressPittsburgh
74%
Icelandair/United AirlinesReykjavik
74%
American Eagle/United Airlines/United ExpressRichmond
74%
United AirlinesShanghai (Pudong)
74%
American Eagle/United ExpressSpringfield/Branson
74%
American Airlines/American Eagle/United ExpressSt. Louis
74%
American Eagle/United ExpressTulsa
74%
American Eagle/United Airlines/United ExpressWichita
74%
United ExpressAkron/Canton
68%
American Eagle/United Airlines/United ExpressAlbany
68%
Royal JordanianAmman (Queen Alia)
68%
American Airlines/United AirlinesAthens
68%
Air New ZealandAuckland
68%
American Airlines/American Eagle/Southwest Airlines/United Airlines/United ExpressBaltimore
68%
American Airlines/American Eagle/United Airlines/United ExpressDes Moines
68%
Qatar AirwaysDoha
68%
American Airlines/American Eagle/United Airlines/United ExpressEl Paso
68%
American Airlines/Southwest Airlines/Spirit Airlines/United AirlinesFort Myers
68%
American Eagle/United Airlines/United ExpressGrand Rapids
68%
Aeromexico/VivoAerobus/VolarisGuadalajara
68%
FinnairHelsinki
68%
American Eagle/United ExpressLexington
68%
United ExpressLincoln
68%
American Eagle/United ExpressLittle Rock
68%
American Eagle/United ExpressMilwaukee
68%
United Express/VivaAerobusMonterrey
68%
United ExpressOttawa
68%
American Eagle/United Airlines/United ExpressProvidence
68%
American Eagle/United ExpressQuebec City
68%
American Airlines/United Airlines/United ExpressReno/Tahoe
68%
American Airlines/Spirit Airlines/United AirlinesSan Juan
68%
United AirlinesSpokane
68%
Austrian AirlinesVienna
68%
United ExpressWinnipeg
68%
Southern Airways ExpressBurlington (IA)
63%
American Eagle/United Airlines/United ExpressBurlington (VT)
63%
United Airlines/United ExpressColorado Springs
63%
American EagleColumbia (MO)
63%
American Eagle/United ExpressColumbia (SC)
63%
United AirlinesEdinburgh
63%
American Airlines/American Eagle/United Airlines/United ExpressJacksonville (FL)
63%
American Eagle/United Airlines/United ExpressKnoxville
63%
American Eagle/United Airlines/United ExpressMadison
63%
United AirlinesSao Paulo (Guarulhos)
63%
American Eagle/United ExpressSpringfield (IL)
63%
United AirlinesTel Aviv
63%
American Airlines/United AirlinesWest Palm Beach
63%
American Eagle/United ExpressWilmington (NC)
63%
United ExpressAsheville
58%
American Eagle/United ExpressAspen
58%
American Airlines/American Eagle/United AirlinesBozeman
58%
American Eagle/United Airlines/United ExpressCedar Rapids/Iowa City
58%
American Eagle/United ExpressDayton
58%
United AirlinesFairbanks
58%
American Eagle/United ExpressFargo
58%
American Eagle/United ExpressFayetteville/Bentonville
58%
United Airlines/United ExpressFresno
58%
American Eagle/United ExpressGreensboro
58%
American Eagle/United Airlines/United ExpressHarrisburg
58%
American Airlines/American Eagle/United Airlines/United ExpressHartford
58%
American Eagle/Spirit Airlines/United Airlines/United ExpressMyrtle Beach
58%
American Airlines/United AirlinesNassau
58%
American Eagle/United Airlines/United ExpressNorfolk
58%
American Airlines/United AirlinesOrange County (CA)
58%
American Airlines/United Airlines/VolarisPuerto Vallarta
58%
American Eagle/United Airlines/United ExpressSavannah
58%
American Eagle/United Airlines/United ExpressSioux Falls
58%
American Eagle/United Airlines/United ExpressSyracuse
58%
American AirlinesVenice
58%
American Airlines/United AirlinesAruba
53%
United AirlinesBelize City
53%
United Airlines/United ExpressDuluth
53%
American Airlines/United AirlinesEagle/Vail
53%
American Eagle/United ExpressFort Wayne
53%
American EagleKalamazoo
53%
LOT Polish AirlinesKrakow
53%
American Eagle/United ExpressMissoula
53%
American Airlines/United Airlines/United Airlines/United ExpressPalm Springs
53%
American Airlines/American Eagle/United Airlines/United ExpressSarasota
53%
EVA AirTaipei (Taoyuan)
53%
American EagleBillings
47%
United ExpressChattanooga
47%
American Eagle/United ExpressFlint
47%
American Eagle/United Airlines/United ExpressGreenville/Spartanburg
47%
United AirlinesKahului
47%
American EagleLansing
47%
American EagleMarquette
47%
American Airlines/United AirlinesMontego Bay
47%
American Eagle/United ExpressPeoria
47%
American Airlines/Frontier Airlines/United AirlinesPunta Cana
47%
American Eagle/United Airlines/United ExpressRapid City
47%
United AirlinesShannon
47%
United AirlinesSt. Lucia (Hewanorra)
47%
United ExpressAllentown
42%
American Eagle/United ExpressBangor
42%
Air SerbiaBelgrade
42%
American EagleBloomington/Normal
42%
American Airlines/United AirlinesGrand Cayman
42%
United ExpressGrand Junction
42%
American Eagle/United ExpressGreen Bay
42%
American Eagle/United ExpressHilton Head
42%
American Eagle/United ExpressHuntsville
42%
American EagleLa Crosse
42%
American Airlines/United AirlinesLiberia (CR)
42%
American Eagle/United ExpressMoline/Quad Cities
42%
American Eagle/United Airlines/United ExpressPensacola (FL)
42%
United ExpressSioux City
42%
United ExpressSouth Bend
42%
American Eagle/United Airlines/United ExpressTraverse City
42%
American Eagle/United ExpressAppleton
37%
United ExpressCharlottesville (VA)
37%
American Eagle/United Airlines/United ExpressHayden/Steamboat Springs
37%
American EagleMartha's Vineyard
37%
United Airlines/United ExpressMontrose
37%
American Eagle/United ExpressNantucket
37%
American Airlines/United AirlinesProvidenciales
37%
American Airlines/United AirlinesCozumel
32%
American EagleDestin/Fort Walton Beach
32%
American Airlines/United Airlines/United ExpressGlacier Park/Kalispell
32%
Alaska Airlines/United Airlines/VolarisIxtapa/Zihuatanejo
32%
American Airlines/United AirlinesJackson Hole
32%
VivaAerobus/VolarisLeon/Del Bajio
32%
United ExpressRoanoke
32%
American Eagle/United ExpressState College
32%
United AirlinesSt. Maarten
32%
American Airlines/United AirlinesSt. Thomas
32%
American Eagle/United ExpressWhite Plains
32%
American Eagle/United ExpressWilkes-Barre/Scranton
32%
American EagleChampaign/Urbana
26%
United ExpressGreat Falls
26%
United ExpressJoplin
26%
United ExpressSaginaw
26%
United AirlinesTulum
26%
VivaAerobusZacatecas
26%
VolarisHuatulco
21%
VivaAerobus/VolarisMorelia
21%
Southern Airways ExpressMuskegon
21%
VolarisQueretaro
21%
United ExpressSalina
21%
American EagleWaterloo (IA)
21%
United ExpressDecatur
16%
United ExpressFort Dodge
16%
American EagleHarlingen
16%
United ExpressHoughton
16%
United AirlinesKailua-Kona
16%
Contour AirlinesKirksville
16%
Contour AirlinesMarion
16%
Contour AirlinesOwensboro
16%
Southern Airways ExpressQuincy
16%
United ExpressSun Valley
16%
Denver Air ConnectionWatertown
16%
Denver Air ConnectionIronwood
11%
United ExpressJohnstown (PA)
11%
American EagleManhattan (KS)
11%
United ExpressMason City
11%
American EagleMosinee/Wausau
11%
Cape AirManistee
5%
Southern Airways ExpressWest Lafayette
5%

Score Distribution

Percentile by Number Answered

Percent of People with Each Score

Your Score History

You have not taken this quiz since the last reset